| 000 | 00684nam a2200217 4500 | ||
|---|---|---|---|
| 001 | 114255 | ||
| 003 | ES-MaACL | ||
| 005 | 20240521095700.0 | ||
| 007 | t| | ||
| 008 | 061121s1946 sp r ||||1| spa d | ||
| 100 | 1 |
_aPalacio Valdés, Armando, _d1853-1938 _988382 |
|
| 245 | 1 | 3 |
_aLa hija de Natalia _b: (ultimos días del Doctor Angélico) / _cArmando Palacio Valdés. |
| 250 | _aEd. definitiva. | ||
| 260 |
_aMadrid : _bFasc, _c1946. |
||
| 300 |
_a216 p. ; _c20 cm. |
||
| 490 | 1 |
_aObras completas ; _v21 |
|
| 800 |
_9236486 _aPalacio Valdés, Armando, _d1853-1938. _tObras ; _v21 |
||
| 852 |
_aES-MaACL _jC-3953 _bR.23101 |
||
| 942 | _2udc | ||
| 999 |
_c114255 _d114255 |
||